01412nam a2200445 450000100060000000300090000600500170001500700060003200800300003802000180006804000350008608200270012110000390014824500680018725000060025526000060026126400490026730000280031633600270034433700340037133800280040549000210043350000060045459000260046065000360048665000340052265000360055665000060059270000420059874000210064074000340066174000200069574000190071574000140073474000250074891000400077394200120081395201240082599900170094945124DO-SdBPM20250523102533.045124160922b2010 p| 00| 0 a spa d a9786124063107 aDO-SdBPMbspacBPMSUerdadrda 4a833.8 bS176b 20102221 aSalten, Félix, d 1869-1945. c 10aBambi / cFélix Salten ; ilustración Gerson Jara Morales  a  a  aLima, Perú : bEditorial Educativa, c2010 a10 p. :bils. ;c27cm.  atextobtxt2rdacontent asin mediación bn2rdamedia avolumenbnc2rdacarrier0 aCuentos selectos a  aInventariado, 2025/VM 7aCuentos infantiles austríacos 4aAnimales vCuentos infantiles 4a Libros ilustrados para niños a 1 aJara Morales, Gerson eilustración  a Caperucita roja aLa princesa y la rana La dama aLa Blancanieves aLa cenicienta  aRuiponche aLos siente cuervos.  aVMateo V. Control de calidad. BPMSU 2ddccBK 00102ddc708CI-GaBPMETbBPMETd2025-05-23l0oBPMSU CGI 833.8 S176b 2010pBPMSU25050080r2025-05-23w2025-05-23yBK c15095d15095